[Event "33. Senioren LEM Sachsen-Anhalt 50+"]
[Site "Magdeburg, Germany"]
[Date "2025.07.10"]
[Round "4.1"]
[White "Jensen, Jakob Bjerre"]
[Black "Kargoll, Boris"]
[Result "0-1"]
[WhiteElo "2167"]
[BlackElo "2255"]
[PlyCount "96"]
[EventDate "2025.??.??"]

1. d4 d5 2. c4 c6 3. Nc3 Nf6 4. e3 g6 5. Nf3 Bg7 6. Bd3 Bg4 7. h3 Bxf3 8. Qxf3
e6 9. O-O O-O 10. Rd1 Nbd7 11. e4 dxe4 12. Nxe4 Nxe4 13. Bxe4 Nb6 14. Qb3 Qh4
15. Qc2 f5 16. c5 Qxe4 17. Qxe4 fxe4 18. cxb6 axb6 19. Bg5 Rf5 20. Be3 Rd5 21.
Kf1 Ra4 22. Ke2 b5 23. Rd2 Bxd4 24. Bxd4 Raxd4 25. Rxd4 Rxd4 26. Ke3 e5 27. Rc1
Kf7 28. Rf1 Ke6 29. f3 exf3 30. Rxf3 Ra4 31. a3 b4 32. axb4 Rxb4 33. Rf2 e4 34.
g4 Ke5 35. Rf7 Rb3+ 36. Ke2 Rxb2+ 37. Ke1 c5 38. Rxh7 c4 39. Rc7 b5 40. h4 Kf4
41. h5 gxh5 42. gxh5 Ke3 43. Kd1 Kd3 44. Rd7+ Kc3 45. Re7 Rh2 46. Rxe4 Rxh5 47.
Re3+ Kb2 48. Re2+ Kb3 0-1

[Event "33. Senioren LEM Sachsen-Anhalt 50+"]
[Site "Magdeburg, Germany"]
[Date "2025.07.10"]
[Round "4.2"]
[White "Lang, Torsten"]
[Black "Krannich, Thomas"]
[Result "1/2-1/2"]
[WhiteElo "2295"]
[BlackElo "2063"]
[PlyCount "64"]
[EventDate "2025.??.??"]

1. d4 g6 2. Nf3 Bg7 3. g3 d6 4. Bg2 Nf6 5. O-O O-O 6. Nc3 Nc6 7. e4 e5 8. dxe5
dxe5 9. Bg5 Be6 10. Qc1 Qc8 11. Rd1 Bg4 12. Rd3 Bxf3 13. Bxf3 Nd4 14. Bg2 c6
15. f3 Qc7 16. Be3 Nd7 17. Rd2 Nb6 18. Qf1 Rad8 19. Rad1 Rd6 20. Nb1 Rfd8 21.
c3 Ne6 22. Bh3 Rxd2 23. Rxd2 Rxd2 24. Nxd2 Qd6 25. Qf2 Bf8 26. Bxe6 Qxe6 27.
Bxb6 axb6 28. Qxb6 Qxa2 29. Qxb7 Qa1+ 30. Kg2 Qe1 31. Qd7 Qe2+ 32. Kh3 h5
1/2-1/2

[Event "33. Senioren LEM Sachsen-Anhalt 50+"]
[Site "Magdeburg, Germany"]
[Date "2025.07.10"]
[Round "4.3"]
[White "Bub, Volker"]
[Black "Oppitz, Peter"]
[Result "1-0"]
[WhiteElo "2095"]
[BlackElo "2034"]
[PlyCount "75"]
[EventDate "2025.??.??"]

1. e4 c5 2. Nf3 e6 3. d3 d5 4. Nbd2 g6 5. g3 Bg7 6. Bg2 Ne7 7. O-O Nbc6 8. Re1
O-O 9. h4 h6 10. e5 b6 11. Nf1 a5 12. c3 Ba6 13. N1h2 Ra7 14. Bf4 Kh7 15. Bh3
Nf5 16. Qd2 b5 17. Bxf5 gxf5 18. d4 cxd4 19. cxd4 Ne7 20. h5 Qb6 21. Rac1 Rc8
22. Rxc8 Bxc8 23. g4 fxg4 24. Nxg4 Nf5 25. Nf6+ Kh8 26. Kh2 Bd7 27. Rg1 Qd8 28.
Rxg7 Kxg7 29. Bxh6+ Nxh6 30. Qg5+ Kf8 31. Nh7+ Ke8 32. Nf6+ Kf8 33. Qxh6+ Ke7
34. Qg7 Ra8 35. Nh4 Qc8 36. Ng6+ Kd8 37. Qxf7 Kc7 38. h6 1-0

[Event "33. Senioren LEM Sachsen-Anhalt 50+"]
[Site "Magdeburg, Germany"]
[Date "2025.07.10"]
[Round "4.4"]
[White "Zschischang, Marine"]
[Black "Puschendorf, Steffen"]
[Result "1-0"]
[WhiteElo "2080"]
[BlackElo "2017"]
[PlyCount "127"]
[EventDate "2025.??.??"]

1. d4 d5 2. c4 e6 3. Nc3 Nf6 4. Bg5 Be7 5. e3 h6 6. Bh4 O-O 7. Nf3 b6 8. cxd5
Nxd5 9. Bxe7 Qxe7 10. Nxd5 exd5 11. Bd3 c5 12. dxc5 bxc5 13. O-O Be6 14. Rc1
Rc8 15. Bb1 Nd7 16. Qa4 Qf6 17. b3 c4 18. b4 a5 19. Nd4 axb4 20. Qxb4 Rab8 21.
Qc3 Rb6 22. Qc2 g6 23. f4 Rcb8 24. Qf2 Bf5 25. Nxf5 gxf5 26. Qg3+ Kh8 27. Qh3
Nc5 28. Bxf5 Qg7 29. Rfd1 Rd8 30. Rxc4 Ne6 31. Rc2 Rg8 32. Rcd2 d4 33. Bxe6
dxe3 34. Bxf7 exd2 35. Bxg8 Qd4+ 36. Kh1 Kxg8 37. Qc8+ Kg7 38. Qc7+ Kg8 39. Qc2
Rb2 40. Qg6+ Kf8 41. Qxh6+ Kf7 42. h3 Rxa2 43. Qh7+ Kf8 44. Qf5+ Ke7 45. Kh2
Rb2 46. Qe5+ Qxe5 47. fxe5 Ke6 48. Kg3 Kxe5 49. Kf3 Kd4 50. Ke2 Kc3 51. g4 Ra2
52. Ke3 Ra8 53. h4 Re8+ 54. Kf4 Kc2 55. Rxd2+ Kxd2 56. g5 Rf8+ 57. Kg4 Ke3 58.
g6 Ke4 59. Kg5 Rf1 60. g7 Ke5 61. Kg6 Rg1+ 62. Kf7 Kf5 63. h5 Rxg7+ 64. Kxg7
1-0

[Event "33. Senioren LEM Sachsen-Anhalt 50+"]
[Site "Magdeburg, Germany"]
[Date "2025.07.10"]
[Round "4.5"]
[White "Kiesel, Harald"]
[Black "Koenig, Marco"]
[Result "1-0"]
[WhiteElo "1976"]
[BlackElo "2075"]
[PlyCount "103"]
[EventDate "2025.??.??"]

1. e4 c5 2. Nc3 Nc6 3. g3 g6 4. Bg2 Bg7 5. d3 e6 6. Be3 d6 7. Qd2 Nge7 8. Bh6
O-O 9. h4 f6 10. Bxg7 Kxg7 11. h5 g5 12. h6+ Kh8 13. f4 Rg8 14. fxg5 Rxg5 15.
Nce2 e5 16. Nf3 Rg6 17. Nh4 Rg5 18. Nf3 Rg8 19. O-O-O Nd4 20. Nfxd4 cxd4 21.
Bf3 Be6 22. Kb1 Qd7 23. Rdg1 d5 24. exd5 Nxd5 25. Bxd5 Qxd5 26. c4 dxc3 27.
Nxc3 Qd4 28. Ne2 Qd5 29. Nc3 Qa5 30. a3 Rad8 31. Qf2 f5 32. Rd1 Rg6 33. Qe3 Kg8
34. Rde1 Kf7 35. Rhf1 Qa6 36. Rf3 Qd6 37. Qxa7 Rxh6 38. Qxb7+ Kg6 39. Qb5 Bd5
40. Rfe3 Kf6 41. Nxd5+ Qxd5 42. Rxe5 Qxd3+ 43. Qxd3 Rxd3 44. Re6+ Kg5 45. Rxh6
Kxh6 46. Rg1 Kg5 47. Kc2 Re3 48. a4 Kg4 49. a5 Kf3 50. b4 Kf2 51. Ra1 Kxg3 52.
a6 1-0

[Event "33. Senioren LEM Sachsen-Anhalt 50+"]
[Site "Magdeburg, Germany"]
[Date "2025.07.10"]
[Round "4.6"]
[White "Nielsen, Michael Volstrup"]
[Black "Solberg, Joachim"]
[Result "1/2-1/2"]
[WhiteElo "1982"]
[BlackElo "2151"]
[PlyCount "71"]
[EventDate "2025.??.??"]

1. Nf3 Nf6 2. g3 g6 3. Bg2 Bg7 4. c4 d6 5. O-O O-O 6. Nc3 e5 7. d3 Nc6 8. Rb1
a5 9. a3 Qe7 10. b4 axb4 11. axb4 h6 12. b5 Nd8 13. Ne1 c6 14. Nc2 Be6 15. Nb4
Qc7 16. Bd2 Rc8 17. Ra1 Qd7 18. Ra7 cxb5 19. Nxb5 d5 20. Na3 dxc4 21. Nxc4 Bxc4
22. dxc4 Rxc4 23. Nd3 e4 24. Ne5 Qd4 25. Nxc4 Qxc4 26. Ra4 Qe6 27. Qc1 Kh7 28.
Bc3 b5 29. Rb4 Nc6 30. Bxf6 Qxf6 31. Rxb5 Nd4 32. Rb2 Nf3+ 33. exf3 Qxb2 34.
Qxb2 Bxb2 35. fxe4 Rd8 36. Bf3 1/2-1/2

[Event "33. Senioren LEM Sachsen-Anhalt 50+"]
[Site "Magdeburg, Germany"]
[Date "2025.07.10"]
[Round "4.7"]
[White "Rabus, Berthold"]
[Black "Frankenberger, Ralf"]
[Result "1-0"]
[WhiteElo "2127"]
[BlackElo "1918"]
[PlyCount "26"]
[EventDate "2025.??.??"]

1. d4 Nf6 2. Nf3 g6 3. g3 Bg7 4. Bg2 d5 5. O-O O-O 6. c4 c6 7. cxd5 cxd5 8. Nc3
Nc6 9. Ne5 Ne4 10. Nxc6 Nxc3 11. Nxe7+ Qxe7 12. bxc3 Rd8 13. Re1 Be6 1-0

[Event "33. Senioren LEM Sachsen-Anhalt 50+"]
[Site "Magdeburg, Germany"]
[Date "2025.07.10"]
[Round "4.8"]
[White "Koenig, Dirk"]
[Black "Jahn, Peter"]
[Result "1-0"]
[WhiteElo "1974"]
[BlackElo "2126"]
[PlyCount "89"]
[EventDate "2025.??.??"]

1. e4 c6 2. Nc3 d5 3. Nf3 dxe4 4. Nxe4 Nf6 5. Neg5 h6 6. Nxf7 Kxf7 7. Bc4+ e6
8. Ne5+ Kg8 9. Qe2 Qe8 10. Bd3 Bd6 11. Bg6 Qd8 12. Nf7 Qc7 13. d4 c5 14. Be3 b6
15. O-O-O Nc6 16. Kb1 Ne7 17. dxc5 Nxg6 18. Nxh8 Kxh8 19. cxd6 Qc6 20. h4 e5
21. f3 Be6 22. h5 Nf8 23. Qd2 Qd5 24. b3 Qxd2 25. Rxd2 N8d7 26. a4 Rc8 27. a5
Kg8 28. Kb2 Kf7 29. axb6 axb6 30. c4 b5 31. cxb5 Rb8 32. g4 Rxb5 33. Rd3 Bd5
34. g5 hxg5 35. Bxg5 e4 36. Re3 exf3 37. Re7+ Kf8 38. h6 Bf7 39. h7 Nxh7 40.
Rxh7 Rxg5 41. Rh8+ Bg8 42. Rxd7 Rf5 43. Rd8+ Kf7 44. Rdxg8 Ke6 45. Rf8 1-0

[Event "33. Senioren LEM Sachsen-Anhalt 50+"]
[Site "Magdeburg, Germany"]
[Date "2025.07.10"]
[Round "4.9"]
[White "Schoetzig, Detlef"]
[Black "Kaiser, Andreas"]
[Result "1/2-1/2"]
[WhiteElo "2111"]
[BlackElo "1906"]
[PlyCount "74"]
[EventDate "2025.??.??"]

1. d4 d5 2. Nf3 Nf6 3. Bf4 e6 4. e3 Bd6 5. Bd3 Bxf4 6. exf4 c5 7. dxc5 Qa5+ 8.
Qd2 Qxc5 9. Qc3 Qxc3+ 10. Nxc3 Nc6 11. a3 O-O 12. O-O Rd8 13. Rad1 Bd7 14. Rfe1
g6 15. h3 h5 16. Ne5 Be8 17. g3 Rac8 18. f3 Nd7 19. Kf2 Ncxe5 20. fxe5 Nc5 21.
Rd2 Na4 22. Nxa4 Bxa4 23. g4 hxg4 24. hxg4 Kg7 25. b3 Bc6 26. Rh1 Rh8 27. Rdd1
f6 28. exf6+ Kxf6 29. Kg3 g5 30. Rde1 e5 31. Bf5 Rce8 32. Kf2 d4 33. Kg3 Rd8
34. Bd3 Bd5 35. Rh5 Bf7 36. Rhh1 Bd5 37. Rh5 Bf7 1/2-1/2

[Event "33. Senioren LEM Sachsen-Anhalt 50+"]
[Site "Magdeburg, Germany"]
[Date "2025.07.10"]
[Round "4.11"]
[White "Dannhauer, Frank"]
[Black "Ackermann, Robert"]
[Result "1/2-1/2"]
[WhiteElo "1935"]
[BlackElo "2004"]
[PlyCount "23"]
[EventDate "2025.??.??"]

1. e4 e5 2. Nf3 Nc6 3. d4 exd4 4. Bc4 Nf6 5. e5 d5 6. Bb5 Ne4 7. Nxd4 Bd7 8.
Bxc6 bxc6 9. O-O Bc5 10. f3 Ng5 11. f4 Ne4 12. Be3 1/2-1/2

[Event "33. Senioren LEM Sachsen-Anhalt 50+"]
[Site "Magdeburg, Germany"]
[Date "2025.07.10"]
[Round "4.12"]
[White "Junggebauer, Thomas"]
[Black "Weitz, Andreas"]
[Result "1-0"]
[WhiteElo "2003"]
[BlackElo "1941"]
[PlyCount "117"]
[EventDate "2025.??.??"]

1. e4 c6 2. d4 d5 3. Nc3 dxe4 4. Nxe4 Nf6 5. Ng3 e5 6. Be3 exd4 7. Bxd4 Be6 8.
Nf3 Nbd7 9. Bd3 Bc5 10. O-O O-O 11. Re1 Bg4 12. Be3 Bxe3 13. fxe3 g6 14. Qd2
Bxf3 15. gxf3 Ne5 16. Qe2 Qe7 17. f4 Nxd3 18. cxd3 Nd5 19. a3 Rfe8 20. Kf2 Qh4
21. e4 Nxf4 22. Qf3 Qxh2+ 23. Kf1 Qh4 24. Ne2 Qh3+ 25. Qxh3 Nxh3 26. Kg2 Ng5
27. Ng3 Rad8 28. Rad1 Ne6 29. Kf3 Nd4+ 30. Kf4 f6 31. Rg1 Kf7 32. Rh1 h5 33.
Rd2 g5+ 34. Ke3 h4 35. Ne2 Nxe2 36. Rxe2 c5 37. Rf2 Re5 38. Rhf1 Rd6 39. b4 b6
40. Rc2 Kg6 41. Rcf2 h3 42. Rf3 g4 43. Rg1 Rg5 44. Rfg3 Kh5 45. bxc5 bxc5 46.
Kf4 f5 47. Rxh3+ Kg6 48. Rh8 Rh5 49. Rxh5 Kxh5 50. Kxf5 Kh6 51. Rg3 Ra6 52. e5
Kg7 53. e6 Rxa3 54. Rxg4+ Kf8 55. Kf6 Ra6 56. Rh4 Kg8 57. Ke7 Ra3 58. Rg4+ Kh7
59. Kf7 1-0

[Event "33. Senioren LEM Sachsen-Anhalt 50+"]
[Site "Magdeburg, Germany"]
[Date "2025.07.10"]
[Round "4.14"]
[White "Stierle, Martin"]
[Black "Buciu, Aurel-John"]
[Result "1/2-1/2"]
[WhiteElo "1947"]
[BlackElo "1876"]
[PlyCount "30"]
[EventDate "2025.??.??"]

1. d4 d5 2. c4 c6 3. Nf3 Bf5 4. Nc3 e6 5. Qb3 b6 6. Bf4 Bd6 7. Bxd6 Qxd6 8. e3
h6 9. Be2 Nf6 10. O-O O-O 11. Rac1 Nbd7 12. cxd5 exd5 13. Rfd1 Rfe8 14. Bd3
Bxd3 15. Rxd3 Ne4 1/2-1/2

[Event "33. Senioren LEM Sachsen-Anhalt 50+"]
[Site "Magdeburg, Germany"]
[Date "2025.07.10"]
[Round "4.15"]
[White "Mitschka, Manfred"]
[Black "Hansen, Jeppe"]
[Result "1/2-1/2"]
[WhiteElo "1913"]
[BlackElo "1834"]
[PlyCount "124"]
[EventDate "2025.??.??"]

1. d4 f5 2. c4 e6 3. h4 Nf6 4. Bg5 Bb4+ 5. Nd2 O-O 6. a3 Bxd2+ 7. Qxd2 Qe8 8.
g3 d6 9. Bg2 Nbd7 10. Nh3 e5 11. O-O exd4 12. Qxd4 Nc5 13. Qd1 Be6 14. Rc1 Qf7
15. Bxf6 Qxf6 16. b4 Ne4 17. Qc2 c6 18. Kh2 d5 19. c5 g5 20. Bxe4 fxe4 21. Nxg5
Bf5 22. Nh3 e3 23. Qb3 Bxh3 24. Kxh3 exf2 25. Rc3 Qe6+ 26. Kg2 Qxe2 27. Re3 Qg4
28. Re5 Rf5 29. Rxf5 Qxf5 30. Rxf2 Qe4+ 31. Qf3 Re8 32. Qxe4 Rxe4 33. Rf3 Kg7
34. Kh3 d4 35. Kg2 Kg6 36. Kf2 h5 37. Rf8 Re7 38. Rd8 Re3 39. a4 Ra3 40. a5 d3
41. Rd7 Ra2+ 42. Ke3 Rg2 43. Kf3 Rd2 44. Rxb7 Rd1 45. Rd7 Kf5 46. Ke3 Rg1 47.
Kf2 Rb1 48. Rxd3 Rxb4 49. Rd6 Rb5 50. Rxc6 Rxa5 51. Rc7 Ra2+ 52. Ke3 Ke5 53.
Rh7 Ra3+ 54. Kd2 Rxg3 55. c6 Kd6 56. Rxa7 Kxc6 57. Rh7 Kd5 58. Ke2 Ke4 59. Kf2
Rf3+ 60. Kg2 Rf5 61. Ra7 Rf4 62. Ra4+ Kf5 1/2-1/2

[Event "33. Senioren LEM Sachsen-Anhalt 50+"]
[Site "Magdeburg, Germany"]
[Date "2025.07.10"]
[Round "4.16"]
[White "Ritter, Uwe"]
[Black "Schroeder, Frank"]
[Result "1-0"]
[WhiteElo "1895"]
[BlackElo "1779"]
[PlyCount "61"]
[EventDate "2025.??.??"]

1. Nf3 d5 2. d4 e6 3. g3 f5 4. Bg2 Nf6 5. O-O Bd6 6. c4 c6 7. Bf4 Bxf4 8. gxf4
Nbd7 9. Nbd2 Ne4 10. Qc2 Nxd2 11. Nxd2 Qh4 12. e3 g5 13. Nf3 Qh5 14. cxd5 gxf4
15. dxe6 Rg8 16. exd7+ Bxd7 17. Qd1 Qh3 18. Ne1 O-O-O 19. Qf3 Qh6 20. Qxf4 Qf6
21. f3 Rg6 22. Rf2 Rdg8 23. Rc1 Rh6 24. Nd3 Rh4 25. Qe5 Qh6 26. Nc5 Re8 27. Qg3
Rxe3 28. Nxd7 Kxd7 29. Qb8 Re8 30. Qxb7+ Kd6 31. Rxc6+ 1-0

[Event "33. Senioren LEM Sachsen-Anhalt 50+"]
[Site "Magdeburg, Germany"]
[Date "2025.07.10"]
[Round "4.17"]
[White "Heiler, Karl"]
[Black "Kottke, Steffen"]
[Result "1/2-1/2"]
[WhiteElo "1870"]
[BlackElo "1888"]
[PlyCount "39"]
[EventDate "2025.??.??"]

1. e4 c5 2. Nf3 d6 3. g3 Nc6 4. Bg2 Nf6 5. d3 e6 6. O-O Be7 7. Nbd2 O-O 8. Re1
Qc7 9. c3 e5 10. h3 d5 11. exd5 Nxd5 12. Nxe5 Nxe5 13. Bxd5 Nxd3 14. Re3 Nxc1
15. Rxc1 Bxh3 16. Qh5 Be6 17. Rxe6 fxe6 18. Bxe6+ Kh8 19. Bf5 Rxf5 20. Qxf5
1/2-1/2

[Event "33. Senioren LEM Sachsen-Anhalt 50+"]
[Site "Magdeburg, Germany"]
[Date "2025.07.10"]
[Round "4.18"]
[White "Bangert, Udo"]
[Black "Ahrens, Gunnar"]
[Result "1/2-1/2"]
[WhiteElo "1882"]
[BlackElo "1781"]
[PlyCount "51"]
[EventDate "2025.??.??"]

1. Nf3 Nc6 2. d4 d6 3. g3 e5 4. dxe5 Nxe5 5. Nxe5 dxe5 6. Qxd8+ Kxd8 7. Bg2
Bb4+ 8. c3 Bd6 9. O-O c6 10. Nd2 Be6 11. Ne4 Ke7 12. Nxd6 Kxd6 13. b3 Nf6 14.
c4 Rad8 15. Bb2 Nd7 16. f4 exf4 17. gxf4 f6 18. e4 Rhe8 19. Rfe1 Kc7 20. Ba3 g6
21. e5 fxe5 22. fxe5 c5 23. Bb2 Rf8 24. Bd5 Rde8 25. Re3 Nb6 26. Bg2 1/2-1/2

[Event "33. Senioren LEM Sachsen-Anhalt 50+"]
[Site "Maritim-Hotel Magdeburg"]
[Date "2025.07.10"]
[Round "4.19"]
[White "Richter, Juergen"]
[Black "Schumacher, Maik"]
[Result "1/2-1/2"]
[WhiteElo "1835"]
[BlackElo "1877"]
[PlyCount "27"]
[EventDate "2025.07.07"]
[WhiteTeam "Schachgemeinschaft Germania Ruhr"]
[BlackTeam "SV Gardelegen"]

1. c4 c6 2. Nc3 d5 3. cxd5 cxd5 4. d4 Nf6 5. g3 Nc6 6. Bg2 Bf5 7. a3 e6 8. Nf3
h6 9. O-O Be7 10. b4 O-O 11. h3 Rc8 12. Na4 Ne4 13. Bb2 Rc7 14. Rc1 1/2-1/2

[Event "33. Senioren LEM Sachsen-Anhalt 50+"]
[Site "Maritim-Hotel Magdeburg"]
[Date "2025.07.10"]
[Round "4.20"]
[White "Schiller, Dirk"]
[Black "Schirmag, Wolfgang"]
[Result "1/2-1/2"]
[WhiteElo "1847"]
[BlackElo "1775"]
[PlyCount "42"]
[EventDate "2025.07.07"]
[WhiteTeam "SK Kaltenkirchen"]
[BlackTeam "Postsportverein Magdeburg v 1926"]

1. e4 c5 2. Nc3 e6 3. Nf3 a6 4. d3 Qc7 5. g3 Nc6 6. Bg2 Rb8 7. Be3 d6 8. O-O b5
9. b3 Be7 10. Bg5 Nf6 11. Qd2 Bb7 12. Rae1 O-O 13. a4 b4 14. Nd1 d5 15. e5 Nd7
16. Bxe7 Nxe7 17. Re2 d4 18. Rfe1 h6 19. Nb2 Nb6 20. Nh4 Bxg2 21. Kxg2 a5
1/2-1/2

[Event "33. Senioren LEM Sachsen-Anhalt 50+"]
[Site "Maritim-Hotel Magdeburg"]
[Date "2025.07.10"]
[Round "4.21"]
[White "Hencke, Heiko"]
[Black "Orschiedt-Eghbali, Anke"]
[Result "1-0"]
[WhiteElo "1841"]
[BlackElo "1754"]
[PlyCount "43"]
[EventDate "2025.07.07"]
[WhiteTeam "SK Kaltenkirchen"]
[BlackTeam "SK Landau"]

1. c4 g6 2. Nc3 c6 3. d4 d5 4. cxd5 cxd5 5. Bf4 a6 6. Nf3 Bg7 7. e3 Nf6 8. Bd3
O-O 9. h3 Nc6 10. a3 Be6 11. O-O Rc8 12. Rc1 b5 13. Qe2 Qb6 14. a4 Nb4 15. Bb1
Bd7 16. Ne5 Be8 17. Nxd5 Nfxd5 18. Rxc8 bxa4 19. Rfc1 Nxf4 20. exf4 Qxd4 21.
Qc4 Qd2 22. Rxe8 1-0

[Event "33. Senioren LEM Sachsen-Anhalt 50+"]
[Site "Maritim-Hotel Magdeburg"]
[Date "2025.07.10"]
[Round "4.23"]
[White "Gaertig, Johannes"]
[Black "Dettmann, Nils"]
[Result "1/2-1/2"]
[WhiteElo "1724"]
[BlackElo "1812"]
[PlyCount "75"]
[EventDate "2025.07.07"]
[WhiteTeam "Haldensleber Sportclub"]
[BlackTeam "Ahrensburger TSV"]

1. d4 d5 2. Bf4 Nf6 3. Nf3 e6 4. e3 Bd6 5. Bg3 O-O 6. Nbd2 b6 7. c3 Ba6 8. Bxa6
Nxa6 9. Qc2 c5 10. O-O Bxg3 11. hxg3 Nb8 12. Ne5 Nbd7 13. Ndf3 Nxe5 14. Nxe5
Qd6 15. f4 Rac8 16. Rac1 cxd4 17. exd4 b5 18. a3 a5 19. Qd3 Rb8 20. g4 Rfc8 21.
g3 b4 22. axb4 axb4 23. c4 dxc4 24. Rxc4 Rxc4 25. Qxc4 Rd8 26. Rd1 g6 27. Kh2
Kg7 28. Kh3 Nd5 29. Rd3 f6 30. Nf3 Rd7 31. Rd2 Rc7 32. Qb5 Qc6 33. Qxc6 Rxc6
34. g5 Rc1 35. gxf6+ Kxf6 36. Ne5 Kf5 37. Re2 b3 38. Nd3 1/2-1/2

[Event "33. Senioren LEM Sachsen-Anhalt 50+"]
[Site "Maritim-Hotel Magdeburg"]
[Date "2025.07.10"]
[Round "4.24"]
[White "Hammel, Juergen"]
[Black "Bachmann, Sylvia"]
[Result "1-0"]
[WhiteElo "1790"]
[BlackElo "1721"]
[PlyCount "59"]
[EventDate "2025.07.07"]
[WhiteTeam "SC Grunbach"]
[BlackTeam "SG Einheit Stassfurt"]

1. e4 e5 2. Nf3 Nc6 3. d4 exd4 4. Nxd4 Nf6 5. Bg5 Be7 6. Nc3 O-O 7. Bc4 d6 8.
O-O h6 9. Bh4 Ne5 10. Bb3 Bd7 11. Qd2 a5 12. f4 Ng6 13. Bg3 a4 14. Bc4 c6 15.
Nf5 Ne8 16. a3 b5 17. Ba2 Be6 18. Bxe6 fxe6 19. Nd4 Qc8 20. f5 Bg5 21. Qe2 exf5
22. Nxf5 Qe6 23. Rad1 Rd8 24. h4 Be7 25. Qg4 Kh8 26. Ne2 Ne5 27. Nf4 Qf7 28.
Nxe7 Nxg4 29. Nfg6+ Kh7 30. Nxf8+ 1-0

[Event "33. Senioren LEM Sachsen-Anhalt 50+"]
[Site "Maritim-Hotel Magdeburg"]
[Date "2025.07.10"]
[Round "4.25"]
[White "Hencke, Andrea"]
[Black "Wolter, Kerstin"]
[Result "1/2-1/2"]
[WhiteElo "1779"]
[BlackElo "1719"]
[PlyCount "31"]
[EventDate "2025.07.07"]
[WhiteTeam "SK Kaltenkirchen"]
[BlackTeam "SV Gifhorn"]

1. e4 d5 2. exd5 Qxd5 3. d4 Nf6 4. Nf3 Bf5 5. Nc3 Qd8 6. Bc4 e6 7. Bf4 c6 8. h3
Be7 9. Qe2 h6 10. Rd1 O-O 11. O-O Nbd7 12. Bb3 Nb6 13. Nh4 Bh7 14. Nf3 Nfd5 15.
Nxd5 cxd5 16. c3 1/2-1/2

[Event "33. Senioren LEM Sachsen-Anhalt 50+"]
[Site "Maritim-Hotel Magdeburg"]
[Date "2025.07.10"]
[Round "4.26"]
[White "Miller, Thomas"]
[Black "Angott, Juergen"]
[Result "1/2-1/2"]
[WhiteElo "1541"]
[BlackElo "1867"]
[PlyCount "82"]
[EventDate "2025.07.07"]
[WhiteTeam "USC Magdeburg"]
[BlackTeam "SC Grunbach"]

1. b4 Nf6 2. Bb2 e6 3. a3 d5 4. e3 b6 5. c4 c6 6. Nf3 Be7 7. Be2 O-O 8. Nc3 Bb7
9. Qc2 Nbd7 10. d3 Rc8 11. d4 Re8 12. c5 b5 13. O-O a6 14. e4 dxe4 15. Nxe4
Nxe4 16. Qxe4 Nf6 17. Qc2 Bf8 18. Rfe1 g6 19. Qc3 Nd5 20. Qc2 Bg7 21. Rad1 Qc7
22. g3 Rcd8 23. h4 h5 24. Bd3 Ne7 25. Ne5 Nf5 26. Be2 Bxe5 27. dxe5 Rxd1 28.
Rxd1 Rd8 29. Kh2 Rxd1 30. Qxd1 Qe7 31. Kh3 Bc8 32. Bc1 Qd7 33. Qxd7 Bxd7 34.
Bg5 Nd4 35. Bd1 Nf5 36. Kg2 Ng7 37. Kf1 Ne8 38. Ke1 Nc7 39. Kd2 Nd5 40. Kc2 Nc7
41. Kb3 Nd5 1/2-1/2

[Event "33. Senioren LEM Sachsen-Anhalt 50+"]
[Site "Maritim-Hotel Magdeburg"]
[Date "2025.07.10"]
[Round "4.27"]
[White "Stahl, Lothar"]
[Black "Klingler, Stefan"]
[Result "0-1"]
[WhiteElo "1680"]
[BlackElo "1754"]
[PlyCount "78"]
[EventDate "2025.07.07"]
[WhiteTeam "SC Grunbach"]
[BlackTeam "SAbt TuS Makkabi Ffm"]

1. e4 b6 2. d4 Bb7 3. Bd3 d6 4. Nf3 Nd7 5. c4 h6 6. Nc3 e6 7. O-O Ne7 8. Be3
Ng6 9. Qc2 e5 10. d5 Be7 11. h3 Bg5 12. Nxg5 hxg5 13. Be2 Nf4 14. Bg4 Qf6 15.
Nb5 Kd8 16. b4 a6 17. Nc3 Qh6 18. a4 Nf6 19. Qd1 Bc8 20. Bxc8 Kxc8 21. Bxf4
gxf4 22. f3 Qg5 23. Kh1 Kd7 24. a5 b5 25. cxb5 axb5 26. Nxb5 Qg3 27. Qc2 Rac8
28. Rac1 g5 29. Na7 Ra8 30. Qxc7+ Ke8 31. Qc6+ Ke7 32. Qc7+ Kf8 33. Rc2 Kg7 34.
b5 Raf8 35. b6 Rh7 36. b7 Rfh8 37. Rff2 Rxh3+ 38. gxh3 Rxh3+ 39. Rh2 Qe1+ 0-1

[Event "33. Senioren LEM Sachsen-Anhalt 50+"]
[Site "Maritim-Hotel Magdeburg"]
[Date "2025.07.10"]
[Round "4.28"]
[White "Ehrich, Dieter"]
[Black "Janeke, Thomas"]
[Result "0-1"]
[WhiteElo "1653"]
[BlackElo "1738"]
[PlyCount "70"]
[EventDate "2025.07.07"]
[WhiteTeam "PSV Ribnitz-Damgarten"]
[BlackTeam "Sportgemeinschaft Kloetze Sued"]

1. c4 Nf6 2. g3 e5 3. Bg2 Nc6 4. Nc3 Bb4 5. Nf3 O-O 6. O-O Re8 7. d3 h6 8. Nd5
Bf8 9. a3 Rb8 10. b4 d6 11. Bb2 a6 12. Nxf6+ Qxf6 13. h3 Bf5 14. e4 Bd7 15. Rc1
b6 16. Nd2 Qg6 17. Kh2 Nd8 18. f4 f6 19. f5 Qf7 20. Bf3 Qe7 21. Bh5 Nf7 22. Bg6
c5 23. Rb1 Rec8 24. Bc1 Nh8 25. Nf3 Nxg6 26. fxg6 Qe6 27. Ng1 Be8 28. Qh5 Ba4
29. Rf2 b5 30. Qf5 Qxf5 31. exf5 bxc4 32. dxc4 cxb4 33. Rxb4 Rxb4 34. axb4 Rxc4
35. Rb2 Rxc1 0-1

[Event "33. Senioren LEM Sachsen-Anhalt 50+"]
[Site "Maritim-Hotel Magdeburg"]
[Date "2025.07.10"]
[Round "4.29"]
[White "Okrajek, Sibylle"]
[Black "Vogt, Joerg"]
[Result "1/2-1/2"]
[WhiteElo "1428"]
[BlackElo "1748"]
[PlyCount "71"]
[EventDate "2025.07.07"]
[WhiteTeam "Schachclub 1919 Siegburg"]
[BlackTeam "SC Norbertus Magdeburg"]

1. d4 Nf6 2. Nf3 e6 3. e3 Be7 4. Bd3 O-O 5. O-O d6 6. c3 Nbd7 7. b4 b6 8. Nbd2
Bb7 9. Bb2 c5 10. Re1 Rc8 11. Rc1 d5 12. a3 c4 13. Bc2 Ne4 14. Nxe4 dxe4 15.
Ne5 f6 16. Nxd7 Qxd7 17. Qe2 b5 18. Qh5 g6 19. Qh6 Rfd8 20. Rf1 Bf8 21. Qf4 f5
22. f3 exf3 23. gxf3 Qg7 24. Rcd1 Bd6 25. Qg5 h6 26. Qh4 Bc6 27. Bc1 g5 28. Qh3
Qf6 29. e4 e5 30. d5 Bd7 31. exf5 Rf8 32. Be3 a6 33. Rf2 Kh7 34. Be4 Bxf5 35.
Bxf5+ Qxf5 36. Qxf5+ 1/2-1/2